Las remuneraciones en el código del trabajo
Guardado en:
| Autor principal: | |
|---|---|
| Formato: | Libro |
| Lenguaje: | español |
| Publicado: |
Santiago
PuntoLex
2008
|
| Edición: | 2a. ed |
| Materias: | |
| Etiquetas: |
Agregar Etiqueta
Sin Etiquetas, Sea el primero en etiquetar este registro!
|
MARC
| LEADER | 00000nam a2200000 a 4500 | ||
|---|---|---|---|
| 001 | UCI9040 | ||
| 003 | CL-VaPUC | ||
| 008 | 081024e20080000CL |||||||||||||||||spa|d | ||
| 020 | |a 9789568541439 | ||
| 082 | 0 | 4 | |a 344.830121 |b NAD |2 21 |
| 100 | |a Nadal Serri, Daniel |e autor |9 295027 | ||
| 245 | 1 | 4 | |a Las remuneraciones en el código del trabajo |
| 250 | |a 2a. ed | ||
| 300 | |a 498 p | ||
| 942 | |c BK | ||
| 945 | |d 20081024 00:00:00 |a rbrito | ||
| 260 | |a Santiago |b PuntoLex |c 2008 | ||
| 650 | 7 | |a REMUNERACIONES |2 CL-VaPUC |9 371777 | |
| 650 | 7 | |a DERECHO LABORAL |2 CL-VaPUC |9 15 | |
| 650 | 0 | |a Código del trabajo |9 255479 | |
| 650 | 0 | |a Contratos de trabajo |9 254966 | |
| 650 | 7 | |a SUELDOS |2 CL-VaPUC |9 312584 | |
| 650 | 7 | |a GRATIFICACION ANUAL |2 CL-VaPUC |9 532697 | |
| 650 | 7 | |a INGRESO MINIMO MENSUAL |2 CL-VaPUC |9 532698 | |
| 650 | 0 | |a Seguridad social |9 255322 | |
| 583 | |a last modification |c 20170801 05:44:52 |k Rodrigo Vera | ||
| 999 | |c 331732 |d 331730 | ||
| 952 | |0 0 |1 0 |4 0 |6 344_830121000000000_NAD_2008 |7 0 |8 A |9 418778 |a BIBDER |b BIBDER |d 2019-11-22 |i 4490274 |l 1 |o 344.830121 NAD 2008 |p 4490274 |r 2023-09-05 |s 2023-08-29 |w 2019-11-22 |y BK |k DER | ||